000 00303nam a2200121 i 4500
001 bg
245 0 _aProgram rozwoju nauki w województwie koszalińskim w latach 1975-1990.
260 _aKoszalin,
_c1975.
040 _cBPK
041 _apol
942 _cKS
008 s pl f |000 0 pol
999 _c26523
_d26523
856 _uhttp://koha.tu.koszalin.pl/cgi-bin/koha/opac-detail.pl?biblionumber=26523
_yKatalog online BPK